| 000 | 01052cam a2200313 a 4500 | ||
|---|---|---|---|
| 001 | 24991 | ||
| 003 | BD-RjUL | ||
| 005 | 20211209050820.0 | ||
| 008 | 140316s1995 nyu b 000 0 eng d | ||
| 020 | _a0415119456 (pbk.) | ||
| 035 | _a(BD-RjUL)25060 | ||
| 040 |
_aDLC _cDLC _dDLC _dBD-RjUL _beng |
||
| 041 | _aeng | ||
| 082 | 0 | 0 |
_a944.034 _220 _bSHF 1995 |
| 100 | 1 |
_aShennan, J. H. _976871 |
|
| 245 | 1 | 0 |
_aFrance before the revolution / _cJ.H. Shennan. |
| 250 | _a2nd ed. | ||
| 260 |
_aLondon ; _aNew York, N.Y. : _bRoutledge, _c1995. |
||
| 300 |
_aix, 48 p. ; _c22 cm. |
||
| 504 | _aIncludes bibliographical references (p. 47-48). | ||
| 651 | 0 |
_aFrance _xHistory _yLouis XV, 1715-1774. _976873 |
|
| 651 | 0 |
_aFrance _xHistory _yLouis XVI, 1774-1793. _976874 |
|
| 651 | 0 |
_aFrance _xHistory _yRevolution, 1789-1799 _xCauses. _976829 |
|
| 856 | 4 | 2 |
_3Publisher description _uhttp://www.loc.gov/catdir/enhancements/fy0649/94045999-d.html |
| 942 |
_2ddc _cBK |
||
| 999 |
_c24991 _d24991 |
||